Projects with Kanye West and Kid Cudi - Statistics

General Stats
  • This quiz has been taken 346 times
    295 since last reset
  • The average score is 9 of 16
Answer Stats
Category Answer % Correct
Collaborative Albums KIDS SEE GHOSTS
98%
Kanye West Albums The Life Of Pablo
92%
Kanye West Albums ye
92%
Kanye West Albums Donda
91%
Kanye West Albums My Beautiful Dark Twisted Fantasy
91%
Kanye West Albums Yeezus
90%
Kid Cudi Albums Man On The Moon: The End Of Day
88%
Kanye West Albums 808s & Heartbreak
86%
Kid Cudi Albums Man On The Moon II: The Legend of Mr. Rager
70%
Compilation Albums Kanye West Presents Good Music Cruel Summer
47%
Albums Featured On It's Almost Dry
16%
Albums Featured On The Blueprint 3
9%
Albums Featured On Whole Lotta Red
8%
Albums Featured On Faith
2%
Albums Featured On No Mercy
2%
Albums Featured On Featuring Ty Dolla $ign
0%
No matching quizzes found
Score Distribution
Percent of People with Each Score
Percentile by Number Answered
Your Score History
You have not taken this quiz since the last reset